| 000 | 00642nam a2200181Ia 4500 | ||
|---|---|---|---|
| 005 | 20250508155531.0 | ||
| 008 | 008 250505s9999 xx 000 0 eng d | ||
| 037 | _aBooks to be hide in OPAC | ||
| 040 |
_aFEDL _beng _cFEDL |
||
| 041 |
_aeng _2eng |
||
| 084 |
_a371.2, CIE/O _qFEDL |
||
| 245 | 0 | _aReport of the autumn break workshop on educational administration and supervision for inspectors and heads of Delhi schools held at Delhi September 19-23, 1960 | |
| 245 | 0 | _cC I E | |
| 260 |
_aDelhi, India _bCentral Institute of Education _c1960 |
||
| 300 | _aii,52p | ||
| 942 |
_cHB _h371.2, CIE/O |
||
| 999 |
_c1357506 _d1357506 |
||